00551nam a22001817a 450000500170000000800410001702000150005804000070007304100120008008200240009210000330011624500790014926000500022830000260027865000210030465000110032570000330033620220722171003.0220722b ||||| |||| 00| 0 eng d a8170228697 cAL aEnglish 223a320.80954bINSS aInstitute of Social Sciences aStatus of panchayati raj in the states and union territories of India 2000 aNew DelhibInstitute of Social Sciencesc2000 a516 p.bHBc27x21 cm. aSpecial Articles aStates aINSTITUTE OF SOCIAL SCIENCES